| 000 | 00859nam a2200253 4500 | ||
|---|---|---|---|
| 001 | 8196 | ||
| 005 | 20181127185340.0 | ||
| 008 | 110114s2010 nyua b 001 0 eng d | ||
| 010 | _a2009022644 | ||
| 020 | _a9780070166752 (pbk.) | ||
| 082 | 0 | 4 |
_a331 _222 |
| 100 | 1 | _aMcConnell, Campbell R. | |
| 245 | 1 | 0 |
_aContemporary labor economics / _cCampbell R. McConnell, Stanley L. Brue, David A. Macpherson. |
| 250 | _a9th ed. | ||
| 260 |
_aNew York : _bMcGraw-Hill Irwin, _cc2010. |
||
| 300 |
_axvi, 624 p. : _bcol. ill. ; _c23 cm. |
||
| 490 | 0 | _aThe McGraw-Hill series economics. | |
| 500 | _a""McGraw-Hill International edition""--Cover. | ||
| 504 | _aIncludes bibliographical references and index. | ||
| 650 | 0 | _aLabor economics. | |
| 700 | 1 |
_aBrue, Stanley L., _d1945- |
|
| 700 | 1 |
_aMacpherson, David A., _d1960- |
|
| 999 |
_c7069 _d7069 |
||